L'implicite et le contenu contractuel : (Record no. 1564)

MARC details
000 -LEADER
fixed length control field 01334cam a2200373 i 4500
001 - CONTROL NUMBER
control field data
005 - DATE AND TIME OF LATEST TRANSACTION
control field 20260322212106.0
008 - FIXED-LENGTH DATA ELEMENTS--GENERAL INFORMATION
fixed length control field data
035 ## - SYSTEM CONTROL NUMBER
System control number 17494055
010 ## - LIBRARY OF CONGRESS CONTROL NUMBER
LC control number 2012534386
020 ## - INTERNATIONAL STANDARD BOOK NUMBER
International Standard Book Number 9782296962538
035 ## - SYSTEM CONTROL NUMBER
System control number (FrPJT)JTL00316854
040 ## - CATALOGING SOURCE
Original cataloging agency DLC
Language of cataloging eng
Transcribing agency DLC
Description conventions rda
Modifying agency DLC
042 ## - AUTHENTICATION CODE
Authentication code pcc
043 ## - GEOGRAPHIC AREA CODE
Geographic area code f-ti---
-- f-ti---
050 00 - LIBRARY OF CONGRESS CALL NUMBER
Classification number K840
Item number .Z37 2012
100 1# - MAIN ENTRY--PERSONAL NAME
Personal name Zarrouk, Ali,
Relator term author.
245 12 - TITLE STATEMENT
Title L'implicite et le contenu contractuel :
Remainder of title étude de droit comparé : droit français et droit tunisien /
Statement of responsibility, etc. Ali Zarrouk ; préface de Philippe Delebecque ; avant-propos de Mohamed Kamel Charfeddine.
264 #1 - PRODUCTION, PUBLICATION, DISTRIBUTION, MANUFACTURE, AND COPYRIGHT NOTICE
Place of production, publication, distribution, manufacture Paris :
Name of producer, publisher, distributor, manufacturer L'Harmattan,
Date of production, publication, distribution, manufacture, or copyright notice c2012.
300 ## - PHYSICAL DESCRIPTION
Extent 654 pages ;
Dimensions 24 cm.
336 ## - CONTENT TYPE
Content type term text
Source rdacontent
337 ## - MEDIA TYPE
Media type term unmediated
Source rdamedia
338 ## - CARRIER TYPE
Carrier type term volume
Source rdacarrier
490 0# - SERIES STATEMENT
Series statement Logiques juridiques,
International Standard Serial Number 1159-375X
504 ## - BIBLIOGRAPHY, ETC. NOTE
Bibliography, etc. note Includes bibliographical references (pages 618-638) and index.
650 #0 - SUBJECT ADDED ENTRY--TOPICAL TERM
Topical term or geographic name entry element Contracts.
650 #0 - SUBJECT ADDED ENTRY--TOPICAL TERM
Topical term or geographic name entry element Contracts
Geographic subdivision France.
650 #0 - SUBJECT ADDED ENTRY--TOPICAL TERM
Topical term or geographic name entry element Contracts
Geographic subdivision Tunisia.
856 41 - ELECTRONIC LOCATION AND ACCESS
Materials specified Table of contents only
Uniform Resource Identifier <a href="http://www.loc.gov/catdir/toc/fy14pdf03/2012534386.html">http://www.loc.gov/catdir/toc/fy14pdf03/2012534386.html</a>
906 ## - LOCAL DATA ELEMENT F, LDF (RLIN)
a 7
b cbc
c origres
d 2
e ncip
f 20
g y-gencatlg
925 0# -
-- acquire
-- 1 shelf copy
-- policy default
923 ## -
-- 20121003
-- B10002085
-- B10002085
Holdings
Withdrawn status Lost status Damaged status Not for loan Home library Current library Shelving location Date acquired Total checkouts Full call number Barcode Date last seen Price effective from Koha item type
        Liberty Liberty General stacks 22/03/2026   K840 LOC-LPL-00027 22/03/2026 22/03/2026 Books